00317pab a2200133 454500008004000000100001600040245003800056260000900094300001100103362000900114650002400123700001600147773002000163180718b1985 xxu||||| |||| 00| 0 eng d aPatel, Usha aPotential of handicrafts in India c1985 a475-82 aAug. aHandicrafts - India aAmrit Patel aKhadi Gramodyog